00824cam a2200205 a 4500020003200000082001200032100002300044245004200067250001200109260005200121300003800173650001700211700002300228856006400251856005600315942000700371999001500378952011200393952011300505 a0072532947 (acidfree paper)00a510 BEN1 aBennett, Albert B.10aMathematics for elementary teachers : a6th ed. aBoston :bMcGraw-Hill Higher Education,cc2004. axii, 875 p. :bill. (some col.) ; 0aMathematics.1 aNelson, Leonard T.42uhttp://www.loc.gov/catdir/description/mh031/2002015191.html41uhttp://www.loc.gov/catdir/toc/mh031/2002015191.html cBK c3644d3644 0010708NFICaMLCampusbMLCampuscGENd2016-10-13l0o510 BENp004750r2022-11-17 00:00:00w2016-10-13yBK 0010708NFICaMLCampusbMLCampuscGENd2016-10-13l0o510 BENp004751r2016-10-13 00:00:00w2016-10-13yREF